Normal view
MARC view
- Bennett, Albert B. Nelson, L .Ted
Entry Personal Name
001 - CONTROL NUMBER
- control field: 55536
003 - CONTROL NUMBER IDENTIFIER
- control field: NUST
005 - DATE AND TIME OF LATEST TRANSACTION
- control field: 20210628201510.0
008 - FIXED-LENGTH DATA ELEMENTS
- fixed length control field: 210628|| aca||aabn | a|a d
040 ## - CATALOGING SOURCE
- Original cataloging agency: NUST
- Transcribing agency: NUST
100 ## - HEADING--PERSONAL NAME
- Personal name: Bennett, Albert B. Nelson, L .Ted
670 ## - SOURCE DATA FOUND
- Source citation: Work cat.: (NUST): Bennett, Albert B. Nelson, L .Ted, Mathematics for elementary teachers :a conceptual approach, c2001.
